Identifikácia procesov v riadení samospráv

Riadenie z hľadiska procesného prístupu je možné vymedziť ako systematickú identifikáciu, vizualizáciu a zlepšovanie procesov, prebiehajúcich v organizácii. Na to, aby riadenie bolo cieľovo zamerané a účinné, je potrebné identifikovať a logisticky následne určiť jednotlivé procesy, ktoré ako celok b...

Descrizione completa

Salvato in:
Dettagli Bibliografici
Autore principale: Štangová, Nora
Altri autori: Víghová, Agneša
Natura: Capitolo di libro
Lingua:slovacco
Soggetti:
Tags: Aggiungi Tag
Nessun Tag, puoi essere il primo ad aggiungerne!!

MARC

LEADER 00000naa a2200000 4500
001 0191917
005 20220718123910.5
041 0 |a slo 
044 |a SK 
245 1 0 |a Identifikácia procesov v riadení samospráv  |c Nora Štangová, Agneša Víghová 
520 |a Riadenie z hľadiska procesného prístupu je možné vymedziť ako systematickú identifikáciu, vizualizáciu a zlepšovanie procesov, prebiehajúcich v organizácii. Na to, aby riadenie bolo cieľovo zamerané a účinné, je potrebné identifikovať a logisticky následne určiť jednotlivé procesy, ktoré ako celok budú dávať zmysluplný výsledok. Jednou z metód je procesné riadenie v súvzťažnosti s procesným mapovaním. 
610 2 0 |a procesy podnikové 
610 2 0 |a riadenie procesné 
610 2 0 |a samospráva 
100 1 |a Štangová, Nora 
700 1 |a Víghová, Agneša